A crisis of hegemony /

Guardado en:
Bibliografiske detaljer
Hovedforfatter: Arrighi, Giovanni
Format: Bog
Sprog:English
Tags: Tilføj Tag
Ingen Tags, Vær først til at tagge denne postø!

MARC

LEADER 00000nam a22000007a 4500
003 cru CIDCACS/IIS
005 20171101131605.0
007 ta
008 171101t1982 nyu|||||r|||| 00| 0 eng d
999 |c 40525  |d 40525 
040 |c cru CIDCACS/IIS 
100 1 |9 5802  |a Arrighi, Giovanni  
245 1 |a A crisis of hegemony /  |c Giovanni Arrighi 
300 |a páginas 55-108 
773 0 |0 40523  |9 1452  |a Amin, Samir  |d New York: Monthly Review Press, 1982  |o 17590  |t Dynamics of global crisis/  |z 0853456062 
942 |2 ddc  |c LI